000 00265nam a22001217a 4500
041 _aENG
100 _aRoth .L.O
245 _aAn Introduction To Agricultural Engineering
260 _aDelhi
_bAVI
_c1975
300 _a356
650 _aGAE (15)
856 _uGAE (15)
999 _c2962
_d2962